000 01065nam a2200349Ia 4500
003 OSt
005 20220912145038.0
006 a|||||r|||| 00| 0
007 ta
008 220909b |||||||| |||| 00| 0 eng d
020 _a9780415396059 (hbd)
024 _a80152
037 _b2338, 23/01/2008, Unilib Book Distributors
037 _cTextbook
040 _aCSL
_beng
_cCSL
041 _aeng
082 _aY73, P7 TY
100 _aHammersley Martyn
245 0 _aEthnography: principles in practice
250 _a3rd
260 _aLondon
_bRoutledge
_c2007
300 _axi, 275p.
_ccm.
500 _aBibliographical references 237-266p.; Index 267-275p.
650 _a Anthropology-Cultural-methods
650 _a Ethnology-methods
650 _a Social sciences-Fieldwork
650 _a Social sciences-methods
650 _aAnthropology
700 _a Atkinson Paul
942 _hY73, P7 TY
_cTB
_2CC
999 _c21694
_d21694